| 000 | 00707cam a2200193 4500 | ||
|---|---|---|---|
| 001 | X118519 | ||
| 008 | 020625n2002 000 0 eng u | ||
| 035 | _a(Sirsi) u118519 | ||
| 100 | _aHarrison, G | ||
| 245 | _aSwitching on to a modern service | ||
| 260 | _c2002 | ||
| 490 |
_aLaw Society's Gazette _v99(17) 25 April 2002, 16(1) |
||
| 520 | _aDescribes online revolution by the Court Service, to improve its' systems, as a challenging program of reforms. Service aims to reform repetitive administrative procedures, and tackle problem of disposing of expensive city buildings. | ||
| 650 | _aCIVIL PROCEDURE | ||
| 650 | _aWOOLF REFORMS | ||
| 650 | _aCOURT PROCEDURE | ||
| 690 | _aLAW | ||
| 942 | _n0 | ||
| 999 |
_c70565 _d70565 |
||